00837nam a2200229Ia 450000500170000000800410001702000150005808200180007310000310009124501580012225000190028030000430029949000140034265000290035665000360038570000310042126400320045233600270048433700330051133800280054404000350057220220317001215.0160825s2002 spaa g 000 0 spa  a849535970704a910.952bH21e1 aHearn, Lafcadiod1850-190410aEn el país de los diosesbrelatos de viaje por el Japón Mejei, 1890-1904cLafcadio Hearn ; seleccón y traducción de José Manuel de Prada Samper a1a. edición  a325 páginas bilustraciones c24 cm  aNarrativa142LEMBaRelatos de viajes 142LEMB aCivilización japonesa 1 aPrada, José Manuel de la aBarcelonabAcantiladoc2002 atextobtxt2rdacontent asin mediaciónbn2rdamedia avolumenbnc2rdacarrier aCO-BoRNBPbspaerdacCO-BoRNBP